Culture and Society 1780-1950 (Record no. 1846723)

MARC details
000 -LEADER
fixed length control field 00621nam a2200289Ia 4500
005 - DATE AND TIME OF LATEST TRANSACTION
control field 20260401122342.0
008 - FIXED-LENGTH DATA ELEMENTS--GENERAL INFORMATION
fixed length control field 008 250103s9999 xx 000 0 eng d
037 ## - SOURCE OF ACQUISITION
Stock number TB
040 ## - CATALOGING SOURCE
Original cataloging agency EDL
040 ## - CATALOGING SOURCE
Language of cataloging eng
040 ## - CATALOGING SOURCE
Transcribing agency EDL
041 ## - LANGUAGE CODE
Source of code eng
041 ## - LANGUAGE CODE
Language code of text/sound track or separate title eng
084 ## - COLON CLASSIFICATION NUMBER
Classification number 306.4 WIL
084 ## - COLON CLASSIFICATION NUMBER
Assigning agency EDL
100 ## - MAIN ENTRY--PERSONAL NAME
Personal name Williams, Raymond
245 #0 - TITLE STATEMENT
Title Culture and Society 1780-1950
245 #0 - TITLE STATEMENT
Statement of responsibility, etc. Williams, Raymond
260 ## - PUBLICATION, DISTRIBUTION, ETC.
Place of publication, distribution, etc. New-York
260 ## - PUBLICATION, DISTRIBUTION, ETC.
Name of publisher, distributor, etc. Anchor Books
260 ## - PUBLICATION, DISTRIBUTION, ETC.
Date of publication, distribution, etc. 1960
300 ## - PHYSICAL DESCRIPTION
Extent 382p
942 ## - ADDED ENTRY ELEMENTS (KOHA)
Koha item type Textbook
942 ## - ADDED ENTRY ELEMENTS (KOHA)
Classification part 306.4 WIL
Holdings
Withdrawn status Lost status Damaged status Not for loan Home library Current library Date acquired Total Checkouts Full call number Barcode Date last seen Price effective from Koha item type
        Department of English Library Department of English Library 2026-04-01   306.4 WIL EL2152072 2026-04-01 2026-04-01 Textbook
Copyright @ Delhi University Library System